Acteur italien : Lino Ventura - Statistiques

Statistiques générales
  • Ce quiz a été pris 48 fois
  • Le résultat moyen est 12 sur 20
Statistiques - réponses
Questions Réponses % Correct
Chanteur belge et ami de Lino Ventura. Ce dernier accepta de jouer un rôle dans le film "Le Far West" que ce chanteur réalisa, coscénarisa et dont il signa la bande originale. Les deux hommes se retrouvèrent dans "L'aventure, c'est l'aventure" de Claude Lelouch et dans "L'emmerdeur" d'Édouard Molinaro. Jacques Brel
91%
Ville du centre de l'Italie, en Émilie-Romagne, célèbre pour son jambon, où naquit Angiolino Ventura en 1919. Parme
86%
Dialoguiste qui donna à Lino Ventura ses répliques dans le film précédent (réponse #7) ainsi que dans "Razzia sur la chnouf", "Un Taxi pour Tobrouk", "Les Tontons flingueurs" ou "Ne nous fâchons pas !" entre autres. Michel Audiard
81%
Acteur à qui Lino Ventura donna la réplique dans le film précédent ainsi que dans "Razzia sur la chnouf", "Le clan des Siciliens" ou encore "Maigret tend un piège". Jean Gabin
79%
Sports que pratiqua Lino Ventura. Le catch
79%
Complétez cet extrait d'un entretien accordé par Lino Ventura à la RTS en 1985 : "Cette lutte acharnée pour ne pas être conformiste, pour moi, c'est du conformisme complet. Par exemple, vous avez des millions de jeunes gens qui s'habillent avec des pull-over et des ___ crasseux en croyant être anticonformistes. Mais c'est du conformisme total. Ils sont en uniforme. Ils sont tous habillés pareils." (type de pantalons industriels américains) Jeans
74%
Sports que pratiqua Lino Ventura. La lutte gréco-romaine
72%
Fondation reconnue d'utilité publique, créée en 1966 par Lino Ventura et son épouse Odette Lecomte, qui a pour but d’accueillir et d’accompagner, de façon adaptée, les enfants et adultes touchés par une déficience mentale, un handicap physique ou psychique, d'apporter un soutien aux familles touchées par le handicap et de favoriser la recherche scientifique et médicale. La Fondation Perce-Neige
63%
Statut de Lino Ventura pendant la guerre lorsqu'il profita d'une permission au cours de l'année 1943 pour quitter l'armée italienne afin de ne pas servir le régime mussolinien ni d'avoir à lutter contre son pays d'adoption, la France. Déserteur
60%
Grande ville américaine des Grands lacs dans laquelle fut tourné le "poliziottesco" italien "Les durs" ("Uomini duri") de Duccio Tessari dans lequel Lino Ventura donna la réplique à Isaac Hayes. Chicago
58%
Titre international qu'obtient Lino Ventura sous le nom de Borrini dans l'un de ses sports de prédilection en 1950, année même où il dut arrêter la compétition sur blessure. : Champion d'______. Europe
56%
Pays dans lequel Lino Ventura tourna "Un homme en colère" de Claude Pinoteau et "Le ruffian" de José Giovanni. Le Canada
56%
Humoriste et virtuose de la langue française qui scénarisa la comédie fantaisiste "La Raison du plus fou" dont il tint le premier rôle et dans lequel Lino Ventura accepta un petit rôle de gendarme à moto. Raymond Devos
56%
Comédie française de Francis Veber (1981) dont Lino Ventura refusa le rôle principal de "clown blanc" qui sera finalement accepté par Gérard Depardieu. La Chèvre
51%
Grande production américaine de Francis Ford Coppola (1979) sur la Guerre du Viet Nam pour lequel Lino Ventura refusa le rôle d'Hubert de Marais, un planteur français demeuré au Viet Nam, rôle finalement accepté par Christian Marquand, dans une scène coupée au montage mais rajoutée dans une version longue du film, 32 ans plus tard. Apocalypse Now
49%
Complétez cet extrait de l'appel de Lino Ventura en faveur des enfants inadaptés (daté du 6 décembre 1965) : "Tout d'abord, je crois que vous pouvez les aider avec beaucoup de _____ humaine, c'est-à-dire que lorsque vous rencontrez un enfant pas comme les autres dans la rue, il ne faut pas le regarder comme un monstre. Il ne faut pas le regarder avec de la pitié. Ce n'est pas de la pitié que ces gens-là veulent. Au contraire, c'est de la justice et de la ______ humaine." Chaleur
49%
Complétez cette réplique que le précédent attribua à Antoine Beretto, le personnage de Lino Ventura dans "Ne nous fâchons pas !" "Bon, j'ai peut-être eu tort de le tirer par la ______ à l'intérieur de ma décapotable mais…. mais c'est tout monsieur le Commissaire !" Cravate
47%
Film de Jacques Becker (1954) qui marque les débuts de Lino Ventura au cinéma, lui qui n'avait aucune expérience d'acteur mais son génie semblait directement remarqué. Touchez pas au grisbi
42%
Acteur connu pour la série de films "La vérité si je mens" qui parraine la fondation précédente depuis 2002. Bruno Solo
35%
Affluent de la Loire qui arrose Baracé, petit village de l'Ouest de la France entre Angers et La Flèche où Lino Ventura se réfugia dans une grange pendant la guerre pour échapper à l'occupant, grange qu'il racheta après-guerre. Le Loir
35%
Aucun quiz correspondant
Distribution des résultats
% des personnes avec chaque résultat
Percentile par nombre de réponses
Votre historique - résultats
Vous n’avez pas pris ce quiz